000 00553nam a22001815i 4500
001 98854
003 ES-MaACL
005 20230906182408.0
007 t|
008 950915s1877 sp ||||1| spa d
040 _aCAM
_bspa
_cCAM
100 1 _aEchegaray, José,
_d1832-1916
_946526
245 1 0 _aIris de paz
_b: juguete en un acto y en verso /
_cpor José Echegaray.
260 _aMadrid :
_b[s.n.],
_c1877 (
_fImpr. de T. Fortanet)
300 _a38 p. ;
_c20 cm.
852 _aES-MaACL
_jB-3094(3)
_z.- Enc. en vol. facticio
999 _c98854
_d98854